| 000 | 02520 a2200325 4500 | ||
|---|---|---|---|
| 001 | 32132 | ||
| 005 | 20260407155622.0 | ||
| 008 | 260407a2014 arg spa d | ||
| 003 | AR-UNSa-BCEJYS | ||
| 040 |
_aAR-UNSa-BCEJYS _bspa _cAR-UNSa-BCEJYS |
||
| 080 |
_a347.1/7(094.4) _xCódigo Civil y Comercial |
||
| 245 | 1 | 0 |
_aNuevo Código Civil y Comercial de la Nación _pAspectos civiles y de familia |
| 264 | 1 |
_aBuenos Aires : _bErreius _c2014 |
|
| 300 |
_a91 p. _c26 cm. |
||
| 505 | _a1. Adolescencia y derecho médico en el Código Civil y Comercial Unificado / Carlos A. Ghersi - 2. Matrimonio y divorcio: nuevos escenarios como consecuencia del Código Civil y Comercial. Ley 26994 / María M. Galli Fiant - 3. El progenitor afín y su obligación alimentaria en el nuevo Código Civil y Comercial / Fernando Millán - 4. Breve comentario a lo que no fue. La reforma del Código Civil y la reproducción asistida: una conducta errante, una oportunidad perdida / María S. Ciruzzi - 5. El hijo nacido por técnicas de reproducción asistida con gametos de un tercero y el derecho a la identidad - 6. Consideraciones sobre las técnicas de fecundación artificial, la filiación y la denominada "voluntad procreacional" en el Código Civil y Comercial de la Nación Argentina / Graciela N. Gonem Machello - 7. El estado de adoptabilidad de los menores en el marco de la Convención de los Derechos del Niño y el enfoque en el nuevo Código Civil y Comercial dentro del Título VI referido al instituto de la adopción / Susana Pereyra Minich - 8. Reflexiones en materia de obligaciones en el nuevo Código Civil y Comercial de la Nación / Silvia Y. Tanzi - 9. Incidencia del nuevo Código Civil y Comercial de la Nación en el proceso sucesorio / Diana Saiz - 10. La protección de herederos con discapacidad mediante la figura del fideicomiso testamentario. Su uso para instrumentar la mejora estricta y la tutela testamentaria / Leandro M. Merlo | ||
| 041 | _aspa | ||
| 942 | _cBK | ||
| 590 | _aniveau_biblio:m niveau_hierar:0 | ||
| 100 | 1 | _aGhersi, Carlos Alberto | |
| 700 | 1 | _aTanzi, Silvia Y. | |
| 700 | 1 | _aCiruzzi, María Susana | |
| 700 | 1 | _aMerlo, Leandro M. | |
| 700 | 1 | _aMillán, Fernando | |
| 700 | 1 | _aPereyra Minich, Susana | |
| 700 | 1 | _aGalli Fiant, María M. | |
| 700 | 1 | _aSaiz, Diana | |
| 700 | 1 | _aAiello de Almeida, María A. | |
| 700 | 1 | _aGonem Machello, Graciela N. | |
| 856 | 4 | 1 |
_uhttps://170.210.207.44/pmb/images/libros/codCivilComercNacL125145.jpg _yImagen de portada _qimage/jpeg |
| 999 |
_c2258 _d2258 |
||